000
00323nam a22001337a 4500
008
181030b xxu||||| |||| 00| 0 eng d
020
_a
0721658059
041
_a
eng
080
_a
610.73
100
_a
2
101
_a
INF
245
_a
Medical-Surgical Nursing A Psychophysiologic Approach
_c
Luckmann,J
942
_2
udc
_c
BK
999
_c
51143
_d
51143